| 000 | 00749nam a2200193Ii 4500 | ||
|---|---|---|---|
| 003 | JO-AjNU | ||
| 008 | 230605s9999||||xx |||||||||||||| ||und|| | ||
| 040 |
_aJO-AjNU _bara _erda _cJO-AjNU |
||
| 041 | _aara | ||
| 050 | 1 | 4 | _aBP144.S4 1985 |
| 100 | 3 |
_aشلبي، محمد مصطفى, _eauthor _956437 |
|
| 245 | 0 | 0 | _aالمدخل في التعريف بالفقه الإسلامي وقواعد الملكية والعقود فيه |
| 264 | 3 | 1 | _aبيروت: دار النهضة العربية للطباعة و النشر، 1985 |
| 300 | _a633ص | ||
| 336 |
_atext _btxt _2rdacontent |
||
| 337 |
_aunmediated _bn _2rdamedia |
||
| 338 |
_avolume _bnc _2rdacarrier |
||
| 650 | 4 |
_aاصول الفقه الاسلامي- الملكية- العقود _956438 |
|
| 999 |
_aA25231 _c28799 _d28799 |
||